Mocos. Una semana o siete días.
Spremljeno u:
| Glavni autor: | |
|---|---|
| Daljnji autori: | |
| Format: | Knjiga |
| Jezik: | španjolski |
| Izdano: |
Milán, Italia:
Duomo Ediciones; Antonio Vallardi Editore,
2019.
|
| Izdanje: | Primera edición. |
| Teme: | |
| Oznake: |
Dodaj oznaku
Bez oznaka, Budi prvi tko označuje ovaj zapis!
|
MARC
| LEADER | 00000nam a22000007a 4500 | ||
|---|---|---|---|
| 003 | CL-VaPUC | ||
| 005 | 20250312150730.0 | ||
| 008 | 250303t2019 ||||| |||| 00| 0 spa d | ||
| 999 | |c 447067 |d 447065 | ||
| 020 | |a 978-84-17128-96-8 | ||
| 040 | |c Pontificia Universidad Católica de Valparaíso | ||
| 082 | |2 22 |a 863.7 COP 2019 | ||
| 100 | |9 896257 |a Copons, Jaume |e texto | ||
| 245 | |a Mocos. |b Una semana o siete días. | ||
| 250 | |a Primera edición. | ||
| 260 | |a Milán, Italia: |b Duomo Ediciones; |b Antonio Vallardi Editore, |c 2019. | ||
| 300 | |a [34 páginas]: |b ilustraciones. | ||
| 500 | |a c.1 Donación Prof. Marcela Jarpa A. Memo FIL. Biblioteca Mayor de Educación y Filosofía. 14-01-2025. | ||
| 583 | |c 20250303 |k Yessy Sthefany Diaz Vidal | ||
| 650 | 0 | |9 267960 |a Cuentos españoles |x Resfríos |v Cuentos infantiles | |
| 700 | |9 896260 |a Castro, Beatriz |e ilustraciones | ||
| 942 | |2 ddc |c BK | ||
| 952 | |0 0 |1 0 |2 ddc |4 0 |6 863_700000000000000_COP_2019 |7 0 |8 A |9 600504 |a BIBEDU |b BIBEDU |c BIBEDU_PB |d 2025-03-03 |e Donación |i 5665167 |o 863.7 COP 2019 |p 5665167 |r 2025-03-03 |t 1 |w 2025-03-03 |y BK |k PAR | ||